Á lódáil...

PROBLEMS IN PHYSICAL CHEMISTRY

Sonraí Bibleagrafaíochta
Príomhúdar: WOOD A
Formáid: Printed Book
Foilsithe: LONDON CLARENDON PRESS 1974
Ábhair:
LEADER 00563nam a2200181 4500
020 |a 0 19 855134 7  |c 2.25 
082 |a 541.3 WOO 
100 |a WOOD A 
245 |a PROBLEMS IN PHYSICAL CHEMISTRY  |h ENGLISH 
250
260 |a LONDON  |b CLARENDON PRESS  |c 1974 
300 |a 160  |f PB 
500 |a   
590 |d Pound 2.25 
650 |a PROBLEMS IN PHYSICAL CHEMISTRY 
942 |c BK 
999 |c 119922  |d 119922 
952 |0 0  |1 0  |4 0  |6 541_300000000000000_WOO  |7 0  |9 133387  |a CHE  |b CHE  |g 2.25  |l 0  |o 541.3 WOO  |p CHE1232  |r 2019-10-15  |w 2019-10-15  |y BK